|
|
|
|
| LEADER |
01869cas a2200265 a 4500 |
| 001 |
AALejournalIMF003113 |
| 008 |
230101c9999 xx r poo 0 0eng d |
| 020 |
|
|
|c 5.00 USD
|
| 020 |
|
|
|z 9781451854930
|
| 022 |
|
|
|a 1018-5941
|
| 040 |
|
|
|a BD-DhAAL
|c BD-DhAAL
|
| 100 |
1 |
|
|a Fernandez, Gilda.
|
| 245 |
1 |
0 |
|a From Fixed to Float :
|b Operational Aspects of Moving towards Exchange Rate Flexibility /
|c Gilda Fernandez, Cem Karacadag, Rupa Duttagupta.
|
| 264 |
|
1 |
|a Washington, D.C. :
|b International Monetary Fund,
|c 2004.
|
| 300 |
|
|
|a 1 online resource (39 pages)
|
| 490 |
1 |
|
|a IMF Working Papers
|
| 500 |
|
|
|a <strong>Off-Campus Access:</strong> No User ID or Password Required
|
| 500 |
|
|
|a <strong>On-Campus Access:</strong> No User ID or Password Required
|
| 506 |
|
|
|a Electronic access restricted to authorized BRAC University faculty, staff and students
|
| 520 |
3 |
|
|a This paper identifies the institutional and operational requisites for transitions to floating exchange rate regimes. In particular, it explores key issues underlying the transition, including developing a deep and liquid foreign exchange market, formulating intervention policies consistent with the new regime, establishing an alternative nominal anchor in the context of a new monetary policy framework, and building the capacity of market participants to manage exchange rate risks and of supervisory authorities to regulate and monitor them. It also assesses the factors that influence the pace of exit and the appropriate sequencing of exchange rate flexibility and capital account liberalization.
|
| 538 |
|
|
|a Mode of access: Internet
|
| 700 |
1 |
|
|a Duttagupta, Rupa.
|
| 700 |
1 |
|
|a Karacadag, Cem.
|
| 830 |
|
0 |
|a IMF Working Papers; Working Paper ;
|v No. 2004/126
|
| 856 |
4 |
0 |
|z Full text available on IMF
|u http://elibrary.imf.org/view/journals/001/2004/126/001.2004.issue-126-en.xml
|z IMF e-Library
|